000 00463nam a2200205Ia 4500
008 210210b1907 xxu||||| |||| 00| 0 eng d
041 _aeng
082 _a822/1031
100 _aRUSKLN (J)
245 _aJoy for ever: the two paths
260 _aLondon
_bGeorge Allen and Unwin Limited
_c1907
650 _atwo
650 _athe
650 _apaths
650 _aJoy
650 _afor
650 _aever:
690 _aEnglish Prose
906 _a013214
999 _c132072
_d132072